| 000 | 00538nam a22001937a 4500 | ||
|---|---|---|---|
| 003 | OSt | ||
| 005 | 20160510151213.0 | ||
| 008 | 160510b xxu||||| |||| 00| 0 eng d | ||
| 020 | _a0865421447 | ||
| 040 | _cDDC. | ||
| 082 | _a333.95CAU 1994. | ||
| 100 |
_aCaughley,Graeme;Sinclair R.E.Anthony; _98665 |
||
| 245 | _aWildlife ecology and Management. | ||
| 260 |
_aAustraria. _bBlackwell. _c1994. |
||
| 300 |
_ax,334p; _bill; _c26cm. |
||
| 504 | _aincludes appendix,index and references. | ||
| 650 |
_aWildlife. _98666 |
||
| 942 |
_2ddc _cSLOAN |
||
| 999 |
_c3954 _d3954 |
||